| Tag |
First Indicator |
Second Indicator |
Subfields |
| LEADER |
00000cam a2200000 a 4500 |
| 001 |
in00000015239 |
| 005 |
20151007053019.0 |
| 008 |
870720s1987 nyu 00000 eng |
| 010 |
|
|
|a 87017442
|
| 020 |
|
|
|a 0936839856 (pbk.) :
|c $8.95
|
| 035 |
|
|
|a (OCoLC)16404241
|
| 035 |
|
|
|9 AAB0055AM
|
| 040 |
|
|
|a DLC
|c DLC
|d TXA
|d UtOrBLW
|
| 049 |
|
|
|a TXAM
|c [A11488593]
|
| 050 |
0 |
0 |
|a PA3629
|b .C5 1987
|
| 082 |
0 |
|
|a 882/.01/08
|2 19
|
| 245 |
0 |
0 |
|a Classical comedy :
|b Greek and Roman /
|c edited by Robert W. Corrigan.
|
| 264 |
|
1 |
|a New York, NY :
|b Applause Theatre Book Publishers,
|c [1987]
|
| 264 |
|
4 |
|c ©1987
|
| 300 |
|
|
|a 484 pages ;
|c 20 cm.
|
| 336 |
|
|
|a text
|b txt
|2 rdacontent
|
| 337 |
|
|
|a unmediated
|b n
|2 rdamedia
|
| 338 |
|
|
|a volume
|b nc
|2 rdacarrier
|
| 505 |
0 |
|
|a Lysistrata / Aristophanes -- The birds / Aristophanes -- The grouch / Menander -- The Menaechmi / Plautus -- Mostellaria (the haunted house) / Plautus -- The self-tormentor / Terence.
|
| 650 |
|
0 |
|a Classical drama (Comedy)
|x Translations into English.
|
| 650 |
|
0 |
|a English drama (Comedy)
|x Translations from classical languages.
|
| 700 |
1 |
|
|a Corrigan, Robert W.
|q (Robert Willoughby),
|d 1927-1993.
|
| 999 |
|
|
|a MARS
|
| 999 |
f |
f |
|s e4e3d47b-b1ab-3787-931a-2ce8c30c4677
|i de5899df-3ad8-30b2-88cc-958fec73ed32
|t 0
|
| 952 |
f |
f |
|p normal
|a Texas A&M University
|b College Station
|c Sterling C. Evans Library
|s Evans pres repr
|d Evans: Preservation Repair (see AskUs desk for assistance)
|t 0
|e PA3629 .C5 1987
|h Library of Congress classification
|i unmediated -- volume
|m A14811488593
|
| 998 |
f |
f |
|a PA3629 .C5 1987
|t 0
|l Evans: Library Stacks
|